Arabi Zaban Kay Saraiki Zaban Par Asraat / (Record no. 524856)

000 -LEADER
fixed length control field 00536nam a22001817a 4500
003 - CONTROL NUMBER IDENTIFIER
control field NUST
020 ## - INTERNATIONAL STANDARD BOOK NUMBER
International Standard Book Number -
038 ## - RECORD CONTENT LICENSOR
Staff Name Zafar Malik
082 ## - DEWEY DECIMAL CLASSIFICATION NUMBER
Classification number 492.749
Author Mark RAH
100 ## - MAIN ENTRY--PERSONAL NAME
Personal name Rahmi, Imran Mrs.
9 (RLIN) 15653
245 ## - TITLE STATEMENT
Title Arabi Zaban Kay Saraiki Zaban Par Asraat /
Statement of responsibility, etc. Mrs. Rahmi Imran
260 ## - PUBLICATION, DISTRIBUTION, ETC.
Place of publication, distribution, etc. Multan :
Name of publisher, distributor, etc. Jhok Publishers ;
Date of publication, distribution, etc. 2010.
300 ## - PHYSICAL DESCRIPTION
Extent 216 p. ;
500 ## - GENERAL NOTE
General note Hardcover
880 ## - ALTERNATE GRAPHIC REPRESENTATION
Linkage 100-02\r
Title مسز رحمی عمران
880 ## - ALTERNATE GRAPHIC REPRESENTATION
Linkage 245-02\r
Title عربی زبان کے سرائیکی زبان پر اثرات
942 ## - ADDED ENTRY ELEMENTS (KOHA)
Source of classification or shelving scheme
Koha item type Book
Holdings
Withdrawn status Lost status Source of classification or shelving scheme Damaged status Not for loan Permanent Location Current Location Shelving location Date acquired Total Checkouts Full call number Barcode Date last seen Price effective from Koha item type
          Central Library (CL) Central Library (CL) Urdu Literature 06/26/2019   492.749 RAH CL-E-1180 06/26/2019 06/26/2019 Book
© 2023 Central Library, National University of Sciences and Technology. All Rights Reserved.